Statistics for Lady Gaga Songs by Lyrics

Click here to take the quiz!

General Stats

  • This quiz has been taken 166 times
  • The average score is 9 of 15

Answer Stats

YearLyricsSong% Correct
2009"Je veux ton amour et je veux ta revanche"Bad Romance
92%
2018"I'm off the deep end, watch as I dive in / I'll never meet the ground"Shallow
92%
2011"I'm gonna run right to, to the edge with you"The Edge Of Glory
91%
2008"I wanna take a ride on your disco stick"LoveGame
86%
2016"But baby, I just need one good one to stay"Million Reasons
75%
2020"'Cause all I ever wanted was love"Stupid Love
63%
2011"I won't cry for you / I won't crucify the things you do"Bloody Mary
58%
2020"Strut it out, walk a mile / Serve it, ancient-city style"Babylon
52%
2008"I like you a lot, lot / All we want is hot, hot"Boys Boys Boys
45%
2013"I don't wanna be alone forever, but I can be tonight"Gypsy
42%
2013"I killed my former and left her in the trunk on highway 10"Aura
39%
2009"And is your punch line just a joke?"Speechless
35%
2020"You love the paparazzi, love the fame"Fun Tonight
32%
2016"Doesn't everyone belong in the arms of the sacred?"Angel Down
28%
2016"Man, it wasn't that long ago we were all living in the jungle"Come to Mama
27%

Score Distribution

Percentile by Number Answered

Percent of People with Each Score

Your Score History

You have not taken this quiz